00658nam a22001577a 4500003000900000005001700009008004100026040001300067100005800080245011900138250000600257260002200263300002000285490003000305520016500335IT-RoPau20220918175937.0130110b xxu||||| |||| 00| 0 eng d cIT-RoPau aAlberione James [Giacomo]qFondatore Famiglia Paolina aDaily Meditations.bThe Great Prayers Rev. James Alberione, S.S.P., S.T.D. Translated by the Daughters of St. Paul aI aBostonbFSPc1985 a160 P.c18,5 cm aSt. Paul Editionv3° Vol a CONTENTS Preface Meditation Prayers Before and After Meditation The Great Prayers